<?xml version="1.0" encoding="UTF-8"?>
<record
    xmlns:xsi="http://www.w3.org/2001/XMLSchema-instance"
    xsi:schemaLocation="http://www.loc.gov/MARC21/slim http://www.loc.gov/standards/marcxml/schema/MARC21slim.xsd"
    xmlns="http://www.loc.gov/MARC21/slim">

  <leader>00401nam a2200157Ia 4500</leader>
  <controlfield tag="008">230314s9999    xx            000 0 und d</controlfield>
  <datafield tag="020" ind1=" " ind2=" ">
    <subfield code="a">978-81-909385-2-5</subfield>
  </datafield>
  <datafield tag="041" ind1=" " ind2=" ">
    <subfield code="a">eng</subfield>
  </datafield>
  <datafield tag="082" ind1=" " ind2=" ">
    <subfield code="a">PY/150/KAU/B06186</subfield>
  </datafield>
  <datafield tag="100" ind1=" " ind2=" ">
    <subfield code="a">Kaur Amanpreet</subfield>
    <subfield code="9">178958</subfield>
  </datafield>
  <datafield tag="245" ind1=" " ind2=" ">
    <subfield code="a">PV Textbook of Psychology</subfield>
  </datafield>
  <datafield tag="260" ind1=" " ind2=" ">
    <subfield code="b">S Vikas and Co</subfield>
    <subfield code="a">Jalandhar</subfield>
    <subfield code="c">2011</subfield>
  </datafield>
  <datafield tag="300" ind1=" " ind2=" ">
    <subfield code="a">298p</subfield>
  </datafield>
  <datafield tag="906" ind1=" " ind2=" ">
    <subfield code="b">BSC</subfield>
  </datafield>
  <datafield tag="999" ind1=" " ind2=" ">
    <subfield code="c">140442</subfield>
    <subfield code="d">140442</subfield>
  </datafield>
  <datafield tag="952" ind1=" " ind2=" ">
    <subfield code="0">0</subfield>
    <subfield code="1">0</subfield>
    <subfield code="4">0</subfield>
    <subfield code="7">0</subfield>
    <subfield code="8">SO</subfield>
    <subfield code="a">BTIN</subfield>
    <subfield code="b">BTIN</subfield>
    <subfield code="d">2012-02-08</subfield>
    <subfield code="e">S Vikas and Co</subfield>
    <subfield code="g">325.00</subfield>
    <subfield code="i">4903</subfield>
    <subfield code="l">13</subfield>
    <subfield code="m">5</subfield>
    <subfield code="o">SO 330 NEE B06979</subfield>
    <subfield code="p">BTIN-BK-6979</subfield>
    <subfield code="r">2025-06-16 00:00:00</subfield>
    <subfield code="s">2025-06-02</subfield>
    <subfield code="v">244.00</subfield>
    <subfield code="w">2011-01-28</subfield>
    <subfield code="y">BK</subfield>
    <subfield code="z">B06979</subfield>
  </datafield>
  <datafield tag="952" ind1=" " ind2=" ">
    <subfield code="0">0</subfield>
    <subfield code="1">0</subfield>
    <subfield code="4">0</subfield>
    <subfield code="7">0</subfield>
    <subfield code="8">SO</subfield>
    <subfield code="a">BTIN</subfield>
    <subfield code="b">BTIN</subfield>
    <subfield code="d">2012-02-08</subfield>
    <subfield code="e">S Vikas and Co</subfield>
    <subfield code="g">325.00</subfield>
    <subfield code="i">4903</subfield>
    <subfield code="l">14</subfield>
    <subfield code="m">3</subfield>
    <subfield code="o">SO 330 NEE B06981</subfield>
    <subfield code="p">BTIN-BK-6981</subfield>
    <subfield code="r">2025-02-01 00:00:00</subfield>
    <subfield code="s">2025-01-30</subfield>
    <subfield code="v">244.00</subfield>
    <subfield code="w">2011-01-28</subfield>
    <subfield code="y">BK</subfield>
    <subfield code="z">B06981</subfield>
  </datafield>
  <datafield tag="952" ind1=" " ind2=" ">
    <subfield code="0">0</subfield>
    <subfield code="1">0</subfield>
    <subfield code="4">0</subfield>
    <subfield code="7">0</subfield>
    <subfield code="8">F</subfield>
    <subfield code="a">BTIN</subfield>
    <subfield code="b">BTIN</subfield>
    <subfield code="d">2016-05-20</subfield>
    <subfield code="e">S Vikas and Co</subfield>
    <subfield code="g">999.00</subfield>
    <subfield code="i">4903</subfield>
    <subfield code="l">7</subfield>
    <subfield code="o">F 610.73 KAU B08230</subfield>
    <subfield code="p">BTIN-BK-8230</subfield>
    <subfield code="r">2024-10-21 00:00:00</subfield>
    <subfield code="s">2024-10-10</subfield>
    <subfield code="v">749.25</subfield>
    <subfield code="w">2011-01-28</subfield>
    <subfield code="y">BK</subfield>
    <subfield code="z">B08230</subfield>
  </datafield>
</record>
